Empresa y medio ambiente : hacia la gestión sostenible /

Colección de cinco artículos sobre el compromiso empresarial con el medio ambiente. El primero versa sobre las tendencias con que las empresas incorporan la dimensión ambiental a sus estrategias; el segundo revisa y analiza la gestión y certificación de sistemas medioambientales; el tercer artículo...

Descripció completa

Guardat en:
Dades bibliogràfiques
Autor principal: Conde Londoño, Javier (coord.)
Format: Llibre
Idioma:espanyol
Publicat: Madrid, España : Nivola : Fundación para la Investigación y el Desarrollo Ambiental, 2003, c2003
Col·lecció:(Matices ; 7)
Matèries:
Etiquetes: Afegir etiqueta
Sense etiquetes, Sigues el primer a etiquetar aquest registre!

MARC

LEADER 00000nam^a2200000^a^4500
001 000168788
005 20250521000000.0
009 20260310101212.107
020 |a 84-95599-67-8 
037 |a Acervo ITESO - Biblioteca 
041 |a ESP 
082 |a 658. 408  |b CON 
100 |a Conde Londoño, Javier  |e (coord.) 
245 1 0 |a Empresa y medio ambiente :  |b hacia la gestión sostenible /  |c Coord. de J. Conde Londoño ; presen. de Rafael Naranjo Anegón ; pról. de Pedro Calvo Poch. 
264 4 |a Madrid, España :  |b Nivola :  |b Fundación para la Investigación y el Desarrollo Ambiental,  |c 2003, c2003 
300 |a 221 p. 
336 |a texto  |b txt  |2 rdacontenido 
337 |a sin mediación  |b n  |2 rdamedio 
338 |a volumen  |b nc  |2 rdasoporte 
440 1 |a (Matices ;  |v 7) 
520 |a Colección de cinco artículos sobre el compromiso empresarial con el medio ambiente. El primero versa sobre las tendencias con que las empresas incorporan la dimensión ambiental a sus estrategias; el segundo revisa y analiza la gestión y certificación de sistemas medioambientales; el tercer artículo describe la fuerza que ejerce el medio ambiente sobre el marketing; en el cuarto, se aborda el concepto de excelencia y se presenta la vertiente ambiental del modelo EFQM de excelencia; en el último artículo, se explica el tema de la gestión del capital intelectual ambiental. 
649 |a XX 
650 |a Agua -  |x Contaminación 
650 |a Desechos Industriales -  |x Tratamiento y Reciclaje 
650 |a Desechos 
650 |a Contaminación Ambiental 
650 |a Biodegradación 
650 |a Conservación y Protección Ambiental 
650
650 |a Educación Ambiental 
650 |a Calidad Ambiental 
650 |a Impacto Ambiental 
650 |a Medio Ambiente 
650 |a Biodiversidad 
650 |a Ecología 
650 |a Desarrollo Sustentable 
650 |a Bioquímica 
650 |a Ingeniería Sanitaria 
650 |a Ingeniería Ambiental 
650 |a Normalización y Certificación 
650 |a Proceso de Producción 
650 |a Planeación Estratégica 
650 |a Calidad Total 
650 |a Mercadotecnia 
650 |a Empresa y Sociedad 
650 |a Ciencias Administrativas 
910 |a Fondo General 
920 |a Impresos - Libros 
930 |a Colección General 
905 |a 101 
901 |a 0500105594  |b IT1  |c ACC  |u 20250521 
902 |a https://opac.biblio.iteso.mx/vufind/Record/000168788